| 000 | 00455nam a2200181Ia 4500 | ||
|---|---|---|---|
| 001 | 24265 | ||
| 005 | 20260414151031.0 | ||
| 008 | 260414t2018||||xx |||||||||||||| ||spa|| | ||
| 041 | _aESP | ||
| 082 |
_a345.2 _bCH533 |
||
| 100 |
_aChávez Cotrina, Jorge W. _eAUT |
||
| 245 | 0 |
_aLa pérdida de dominio : _bimplicancias en el Perú |
|
| 260 | _c2018 | ||
| 300 |
_a461 páginas : _c25 cm. |
||
| 650 | _aDER | ||
| 654 | _aCDE | ||
| 942 |
_cLIB _dJUS _fJUS _2ddc _n |
||
| 999 |
_c24265 _d24265 |
||